000 00514nam a2200181Ia 4500
999 _c22834
_d22834
003 OSt
005 20200211154638.0
008 190216s9999||||xx |||||||||||||| ||und||
040 _coclc
082 _a909.0974
_bKAB/K
100 _aKabeer, V A
_91846
245 0 _aKshobhikkunna Arabi Theruvukal /
_cV A Kabeer
250 _a1st ed.
260 _bVachanam Books,
_c2011.
_aKozhikode:
300 _a192p
650 _xIslamic History
942 _cBK
_2ddc
_h909.0974
_iKAB/K
_k909.0974
_mKAB/K